000
00281nam a22001217a 4500
008
260116b ||||| |||| 00| 0 eng d
041
_a
eng
080
_8
005
_a
005
100
_a
02
101
_a
med
245
_a
The American Surgeon
_c
Christopher R. McHenry MD
942
_2
lcc
_c
BK
999
_c
60755
_d
60755